Novela zákona o DPH k 1. 1. 2019

Od roka 2019 dochádza k zmenám v zákone č. 222/2004 Z. z. schválením zákona číslo 369/2018 Z. z. v súvislosti s transponovaním Smernice Rady (EÚ) 2016/1065 a Smernice Rady (EÚ) 2017/2455. Praktické príklady.

Saved in:
Bibliographic Details
Main Author: Mikláš, Martin
Format: Book Chapter
Language:Slovak
Subjects:
Tags: Add Tag
No Tags, Be the first to tag this record!

MARC

LEADER 00000naa a2200000 4500
001 0250688
005 20221104111115.5
041 0 |a slo 
044 |a SK 
245 1 0 |a Novela zákona o DPH k 1. 1. 2019  |c Martin Mikláš 
520 |a Od roka 2019 dochádza k zmenám v zákone č. 222/2004 Z. z. schválením zákona číslo 369/2018 Z. z. v súvislosti s transponovaním Smernice Rady (EÚ) 2016/1065 a Smernice Rady (EÚ) 2017/2455. Praktické príklady. 
610 2 0 |a dane 
610 2 0 |a hodnota pridaná 
610 2 0 |a zákony 
610 2 0 |a zákony ekonomické 
610 2 0 |a legislatíva 
610 2 0 |a úpravy právne 
610 2 0 |a smernice 
610 2 0 |a Európska únia 
100 1 |a Mikláš, Martin